Organizational commitment / (Record no. 103912)

MARC details
000 -LEADER
fixed length control field 00646nam a22002177a 4500
005 - DATE AND TIME OF LATEST TRANSACTION
control field 20161006164414.0
010 ## - LCCN (DPL NO)
LC control number ENG-116184
020 ## - INTERNATIONAL STANDARD BOOK NUMBER
International Standard Book Number 9789385329067
Terms of availability 275.00
035 ## - SYSTEM CONTROL NUMBER
System control number EN-99716
037 ## - SOURCE OF ACQUISITION
Source of stock number/acquisition DBAD/PUB
082 ## - DEWEY DECIMAL CLASSIFICATION NUMBER
Classification number 658
100 ## - MAIN ENTRY--PERSONAL NAME
Personal name R.K. Singh
245 ## - TITLE STATEMENT
Title Organizational commitment /
Statement of responsibility, etc By R.K. Singh, C.S. Sharma [and] Rajni Hira
260 ## - PUBLICATION, DISTRIBUTION, ETC. (IMPRINT)
Place of publication, distribution, etc Delhi
Name of publisher, distributor, etc Shree Kala Prakashan
Date of publication, distribution, etc 2015
270 ## - ADDRESS
Address 42/43,U.B. Jawahar Nagar
City Delhi
Postal code 110007
300 ## - PHYSICAL DESCRIPTION
Extent vii,117p.
Dimensions 21cm(pbk)
500 ## - GENERAL NOTE
General note Includes bibliographical references
700 ## - ADDED ENTRY--PERSONAL NAME
Personal name Sharma , C.S.
700 ## - ADDED ENTRY--PERSONAL NAME
Personal name Rajni Hira
942 ## - ADDED ENTRY ELEMENTS (KOHA)
Source of classification or shelving scheme Dewey Decimal Classification
Item type English Books
Classification part 658
Call number suffix SIN
Holdings
Withdrawn status Lost status Not for loan Collection code Home library Current library Date acquired Source of acquisition Cost, normal purchase price Full call number Barcode Copy number Cost, replacement price Koha item type
    Not For Loan Non-fiction D.B.Act.Division D.B.Act.Division 06/10/2016 DBAD/PUB 275.00 658 SIN EN-99716 1 275.00 English Books

© Delhi Public Library
Hit Counter
free hit counter